Kamus Asas : Bahasa Melayu-Bahasa Inggeris
| Main Author: | |
|---|---|
| Format: | Book |
| Published: |
Petaling Jaya :
Amiza Publishing Sdn. Bhd ,
1993
|
| Subjects: |
MARC
| LEADER | 00000cam a2200000 7i4500 | ||
|---|---|---|---|
| 001 | 0000009430 | ||
| 002 | 000010268 | ||
| 005 | 20000330.0 | ||
| 020 | |a 9679660028 | ||
| 090 | 0 | 0 | |a J 499.2803 |b AWA |
| 100 | 0 | |a Awang Had Salleh | |
| 245 | 1 | 0 | |a Kamus Asas : |b Bahasa Melayu-Bahasa Inggeris |c Awang Had Salleh |
| 260 | |a Petaling Jaya : |b Amiza Publishing Sdn. Bhd , |c 1993 | ||
| 300 | |a 93p. : |b ill ; |c 27cm. | ||
| 650 | 0 | 0 | |a Dictionaries and encyclopedias |
| 999 | |a 041158 |b BUKU |c PINJAMAN |e PERPUSTAKAAN KOMUNITI PETALING JAYA | ||